Szczegóły MARC21

Kompakt-Training Wirtschaftsrecht /

005 -DATA I CZAS OSTATNIEJ MODYFIKACJI [,]
    • @
    • pole kontrolne
    • 20070315155141.9
020 -Międzynarod. znormalizowany nr książki - ISBN [ , ]
    • a
    • Numer ISBN
    • 3470535124 Find
040 -Instytucja sporządzająca opis [ , ]
    • a
    • Instytucja, która sporządziła opis (NP)
    • SZCZ U
    • c
    • Instytucja, która sporządziła rekord (NP)
    • SZCZ U
041 -Język dokumentu [0, ]
    • a
    • Język tekstu (P)
    • niemiecki
    • h
    • Język tekstu oryginalnego i/lub pośredniego (P)
    • niemiecki
942 -Rodzaj dokumentu [ , ]
    • c
    • Rodzaj dokumentu
    • Książka
100 -Hasło główne - nazwa osobowa [ , ]
    • a
    • Nazwa osobowa (NP)
    • STECKLER, BRUNHILDE
245 -Strefa tytułu i oznaczenia odpowiedzialności [1, ]
    • a
    • Tytuł
    • Kompakt-Training Wirtschaftsrecht / Find
    • c
    • Pozostałe elementy strefy tytułu i oznaczenia odpowiedzialności (NP)
    • Brunhilde Steckler.
250 -Strefa wydania [ , ]
    • a
    • Oznaczenie wydania (NP)
    • 2., aktual.u.erweit. Aufl.
260 -Strefa adresu wydawniczego [ , ]
    • a
    • Miejsce wydania (P)
    • Ludwigshafen :
    • b
    • Nazwa wydawcy (P)
    • F.Kiehl,
    • c
    • Data wydania (P)
    • 2003.
300 -Strefa opisu fizycznego [ , ]
    • a
    • Określenie formy książki i/lub objętość (NP)
    • 282 s. :
    • c
    • Format (NP)
    • 23 cm.
490 -Strefa serii i książki wielotomowej - forma nie do wyszukiwania [0, ]
    • a
    • Tytuł (P)
    • (Kompakt-Training Praktische Betriebswirtschaft) Find
500 -Uwaga ogólna [ , ]
    • a
    • Uwaga ogólna (NP)
    • Bibliogr. Ind
080 -Uniwersalna Klasyfikacja Dziesiętna [ , ]
    • a
    • Symbol klasyfikacji
    • 346(075.8)=30
980 -Symbol UKD [ , ]
    • a
    • UKD
    • 346(075.8)=30
920 -ISBN [ , ]
    • a
    • ISBN
    • 3-470-53512-4 Find
Numer inwentarzowy Sygnatura Status udost. Data inwentaryzacji Lokalizacja
S.92386FUNDACJA POLSKO-NIEMIECKA-22006-06-01BE
S.92387FUNDACJA POLSKO-NIEMIECKA-62006-06-01BE